000 00816nas a2200277 4500
001 BR2013010470
003 BR-BrBNA
005 20231205123437.0
007 ta
008 230509b bl.|||p| |||| 00| 00por d
040 _aBR-BrBNA
_bpor
_cBiblioteca Nacional de Agricultura
041 _a(En)
072 _aF03
100 1 _aGuimarães, G.C.
100 1 _aRosa, S.D.V.F. da
100 1 _aCoelho, L.F.S.
100 1 _aVeiga, A.D.
100 1 _aClemente, A. da C.S.
245 1 _aMinimum period to assess the potential of germination of coffee seeds
650 _aCAFÉ
650 _aSEMENTE
650 _aGERMINAÇÃO
773 0 _tJournal of Seed Science (Brazil)
_xISSN 2317-1537
_g(Sep 2013), v. 35(3) p. 347-352
_wBR2013010470
909 _a202311
_bLúcia
_c55
_dLúcia Elande
942 _2AGRIS
_n0
_cANA
999 _c233897
_d233897